Pediatric emergency and critical care and ultrasound (Registro nro. 300195)

Detalles MARC
000 -ENCABEZADO
Número de control [NR] 00662cam a22001813 4500
005 - FECHA Y HORA DE LA ÚLTIMA TRANSACCIÓN
control field 20150811073914.0
008 - DE LONGITUD FIJA DE DATOS DE ELEMENTOS - INFORMACIÓN GENERAL
Elementos de longitud fija [NR] 1508 s2013 enkao fr 001 0 eng d
020 ## - NUMERO INTERNACIONAL NORMALIZADO PARA LIBROS [R]
Número Internacional Normalizado del libro [NR] 9781107062344
035 ## - NUMERO DE CONTROL DEL SISTEMA [R]
Número de control del sistema [NR] (OCoLC)858660418
040 ## - FUENTE DE CATALOGACION [NR]
Agencia de catalogación original [NR] CO-BoUCM
Idioma de catalogación [NR] spa
Quien Cataloga Sandra Palacio
Quien Clasifica Sandra Palacio
041 0# - CODIGO DE IDIOMA [R]
Código de idioma para texto/pista de sonido o título separado [R] Inglés
245 00 - MENCION DE TITULO [NR]
Título [NR] Pediatric emergency and critical care and ultrasound
260 ## - PUBLICACION, DISTRIBUCION, ETC. (PIE DE IMPRENTA) [R]
Lugar de publicación, distribución, etc. [R] Cambridge (Inglaterra)
Nombre del editor, distribuidor, etc. [R] Cambridge university press
Fecha de publicación, distribución, etc. [R] 2013
300 ## - DESCRIPCION FISICA [R]
Extensión [R] xii, 356 páginas
Dimensiones [R] ilustraciones, fotografías
504 ## - NOTA DE BIBLIOGRAFIA, ETC. [R]
Nota de bibliografía, etc. [NR] Incluye referencias bibliográficas e índices
700 ## - ASIENTO SECUNDARIO - NOMBRE PERSONAL [R]
Nombre personal [NR] Stephanie J. Doniger
Término de relación [R] editor
9 (RLIN) 70554
942 ## - ELEMENTOS DE ENTRADA AGREGADOS (KOHA)
Sistema de clasificación NLM
Tema principal Medicina
Tipo de ítem principal el descrito en 300a Libro
Edición 1
Clasificación WN 208
Parte restante de la signatura top. P371
Existencias
Fecha de último préstamo Total préstamos Total Renewals Signatura topográfica Código de barras Última vez visto Ejemplar Costo de reposición Price effective from Tipo de ítem Perdido Sistema de clasificación Dañado No prestable Tipo de ítem específico Suprimido Ubicación habitual Ubicación actual Localización Fecha de creación Proveedor Forma de adquisición Costo
30/08/2023 2 1 WN 208 P371 200028593 01/12/2025 Ej.1 360744.00 15/07/2015 Libro   NLM     Libro   Hospital Universitario Mayor Hospital Universitario Mayor 9no piso 15/07/2015 15 Compra 360744.00